000 00420cam a2200181ua 4500
020 _cRs 3.00
041 _ahin
_h
082 _a891.54
_bKRI/SE
100 _aKrishna, Chandra .
245 _aSeema /
_cKrishna Chandra.
_hTextual Documents
250 _a3 /
_b.
260 _a :
_bRajpal and Sanch ,
_c1960.
300 _a176 ; .
365 _aRs 3.00
504 _a
942 _cBK
999 _c3634
_d3634